000
00228 a2200097 4500
001
14537
100
_a
Khurshid Ahmad
245
_a
Islam its meaning message
260
_a
London
_b
Islamic council of eu
_c
090
_c
11366
_d
11366
942
_a
NUST-CAE
_c
M
_c
1521
999
_c
249610
_d
249610